Prepojenie sveta startupov a vzdelávania
Teoretický rámec startupov. Rozdiely medzi startupom a bežným začínajúcim podnikom. Analýza trhu okolia startupu. Ekosystém startupov. Životný cyklus startupu. Významné slovenské startupy.
Guardado en:
| Autor principal: | |
|---|---|
| Otros Autores: | |
| Formato: | Capítulo de libro |
| Lenguaje: | eslovaco |
| Materias: | |
| Etiquetas: |
Sin Etiquetas, Sea el primero en etiquetar este registro!
|
MARC
| LEADER | 00000naa a2200000 4500 | ||
|---|---|---|---|
| 001 | 0301359 | ||
| 005 | 20240614125628.0 | ||
| 041 | 0 | |a slo | |
| 044 | |a SK | ||
| 245 | 1 | 0 | |a Prepojenie sveta startupov a vzdelávania |c Silvia Matúšová, Lucia Magyarová |
| 520 | |a Teoretický rámec startupov. Rozdiely medzi startupom a bežným začínajúcim podnikom. Analýza trhu okolia startupu. Ekosystém startupov. Životný cyklus startupu. Významné slovenské startupy. | ||
| 610 | 2 | 0 | |a vzdelávanie |
| 610 | 2 | 0 | |a start-up |
| 610 | 2 | 0 | |a inovácia |
| 610 | 2 | 0 | |a podnikanie |
| 610 | 2 | 0 | |a modely obchodné |
| 610 | 2 | 0 | |a cyklus podniku životný |
| 610 | 2 | 0 | |a aplikácie mobilné |
| 610 | 2 | 0 | |a ekosystémy |
| 100 | 1 | |a Matúšová, Silvia | |
| 700 | 1 | |a Magyarová, Lucia | |